| 000 | 00677nam a2200253Ia 4500 | ||
|---|---|---|---|
| 003 | OSt | ||
| 005 | 20221006153839.0 | ||
| 006 | a|||||r|||| 00| 0 | ||
| 007 | ta | ||
| 008 | 221006b |||||||| |||| 00| 0 chi d | ||
| 024 | _a33,638 | ||
| 037 |
_bGift, PRC _cTextual |
||
| 040 |
_aEASL _cEASL _bchi |
||
| 041 |
_2chi _achi |
||
| 082 | _aV41,21xM, K5. | ||
| 100 |
_aWU Xiang Xiang Ed. _9665584 |
||
| 245 | 0 | _aYu Shou Quan Zhe Zou | |
| 260 |
_an.p. _bTaiwan Xue Sheng Shu Ju Yin Xing _cn.d. |
||
| 300 |
_av.p. _ccm. |
||
| 490 | _v V.1CCL | ||
| 650 | _aCCL | ||
| 942 |
_hV41,21xM, K5. _cTEXL _2CC |
||
| 999 |
_c1101724 _d1101724 |
||